000
00396nam a22001577a 4500
003
MPLRDC
005
20220104123413.0
008
210129b ||||| |||| 00| 0 eng d
082
_a
422.5 SPR
100
_a
施沛荣编著
245
_a
室内布置实例168
_c
260
_a
_b
香港得利书局
_c
1982
300
_b
平
650
_a
房间之设备及家庭布置
942
_c
BK
_o
422.5 SPR
999
_c
11157
_d
11147